[Event "Salgotarjan Balazs Memorial op"]
[Site "Salgotarjan"]
[Date "2003.08.02"]
[Round "6"]
[White "Kadas, Gabor"]
[Black "Kiss, Pal"]
[Result "0-1"]
[WhiteElo "2224"]
[BlackElo "2396"]
[PlyCount "52"]
[EventDate "2003.07.28"]
[EventType "swiss"]
[EventRounds "9"]
[EventCountry "HUN"]
[SourceTitle "EXT 2008"]
[Source "ChessBase"]
[SourceDate "2007.11.25"]
[SourceVersion "1"]
[SourceVersionDate "2007.11.25"]
[SourceQuality "1"]

1. d4 d5 2. Nf3 Nf6 3. h3 c5 4. c3 e6 5. e3 Nc6 6. Be2 Bd6 7. Nbd2 0-0 8. b3 e5 9. dxc5 Bxc5 10. Bb2 Qe7 11. Nh2 Rd8 12. b4 Bd6 13. b5 Na5 14. Qa4 b6 15. Qh4 Be6 16. Ng4 Nd7 17. Qxe7 Bxe7 18. 0-0 f6 19. Rfd1 Rac8 20. Nh2 Kf7 21. Nb3 Nc4 22. Bxc4 dxc4 23. Nd2 Nc5 24. Ba3 Na4 25. Bxe7 Kxe7 26. Rac1 Nb2 0-1

[Event "Salgotarjan Balazs Memorial op"]
[Site "Salgotarjan"]
[Date "2003.07.28"]
[Round "1"]
[White "Sergeev, Vladimir"]
[Black "Kadas, Gabor"]
[Result "1-0"]
[WhiteElo "2451"]
[BlackElo "2224"]
[PlyCount "77"]
[EventDate "2003.07.28"]
[EventType "swiss"]
[EventRounds "9"]
[EventCountry "HUN"]
[SourceTitle "EXT 2008"]
[Source "ChessBase"]
[SourceDate "2007.11.25"]
[SourceVersion "1"]
[SourceVersionDate "2007.11.25"]
[SourceQuality "1"]

1. d4 c5 2. d5 e5 3. e4 d6 4. Bb5+ Nd7 5. a4 h6 6. Nc3 a6 7. Bd3 b6 8. h3 Be7 9. Nf3 Nf8 10. Be3 Bd7 11. Qe2 Qc8 12. Ng1 g5 13. g3 Ng6 14. Qf1 Bf6 15. Nf3 N8e7 16. Bd2 Bg7 17. h4 g4 18. Nh2 h5 19. f3 f6 20. fxg4 hxg4 21. Qe2 Nxh4 22. gxh4 Rxh4 23. Qf2 Ng6 24. Rg1 Ke7 25. Be2 b5 26. axb5 axb5 27. Rxa8 Qxa8 28. Bxg4 b4 29. Nd1 Qh8 30. Rg2 Bh6 31. Bxd7 Bxd2+ 32. Kxd2 Nf4 33. Nf3 Nxg2 34. Nxh4 Qh6+ 35. Ne3 Nxe3 36. Qxe3 Qxh4 37. Bh3 Qh8 38. b3 Qh4 39. Kc1 1-0

[Event "Nyiregyhaza op"]
[Site "Nyiregyhaza"]
[Date "2003.07.12"]
[Round "8"]
[White "Kadas, Gabor"]
[Black "Valko, Krisztian"]
[Result "0-1"]
[WhiteElo "2224"]
[BlackElo "2145"]
[PlyCount "26"]
[EventDate "2003.07.05"]
[EventType "swiss"]
[EventRounds "9"]
[EventCountry "HUN"]
[SourceTitle "EXT 2005"]
[Source "ChessBase"]
[SourceDate "2004.11.15"]
[SourceVersion "1"]
[SourceVersionDate "2004.11.15"]
[SourceQuality "1"]

1. d4 d5 2. Nf3 Nf6 3. Bf4 c5 4. e3 Qb6 5. b3 Bg4 6. Be2 e6 7. 0-0 Nc6 8. c3 Be7 9. Nbd2 0-0 10. h3 Bxf3 11. Bxf3 Rac8 12. Qe2 a5 13. a3 cxd4 0-1

[Event "Nyiregyhaza op"]
[Site "Nyiregyhaza"]
[Date "2003.07.11"]
[Round "7"]
[White "Prokopisin, Vasily"]
[Black "Kadas, Gabor"]
[Result "1-0"]
[WhiteElo "2361"]
[BlackElo "2224"]
[PlyCount "45"]
[EventDate "2003.07.05"]
[EventType "swiss"]
[EventRounds "9"]
[EventCountry "HUN"]
[SourceTitle "EXT 2005"]
[Source "ChessBase"]
[SourceDate "2004.11.15"]
[SourceVersion "1"]
[SourceVersionDate "2004.11.15"]
[SourceQuality "1"]

1. Nf3 b5 2. d4 e6 3. Bf4 Nf6 4. e3 a6 5. a4 b4 6. h3 Bb7 7. Nbd2 Be7 8. Bd3 a5 9. 0-0 0-0 10. Bh2 d6 11. c4 Nbd7 12. e4 e5 13. Qe2 exd4 14. Nxd4 Nc5 15. Bc2 Re8 16. f3 Nfd7 17. Rad1 Bf6 18. Qf2 g6 19. b3 Nf8 20. Rfe1 Bg7 21. Nf1 Qc8 22. Nb5 Ra6 23. e5 1-0

[Event "Nyiregyhaza op"]
[Site "Nyiregyhaza"]
[Date "2003.07.07"]
[Round "3"]
[White "Lukacs, Jozsef"]
[Black "Kadas, Gabor"]
[Result "1/2-1/2"]
[WhiteElo "2128"]
[BlackElo "2224"]
[PlyCount "175"]
[EventDate "2003.07.05"]
[EventType "swiss"]
[EventRounds "9"]
[EventCountry "HUN"]
[SourceTitle "EXT 2005"]
[Source "ChessBase"]
[SourceDate "2004.11.15"]
[SourceVersion "1"]
[SourceVersionDate "2004.11.15"]
[SourceQuality "1"]

1. d4 c5 2. e3 e6 3. Nf3 Nf6 4. Bd3 d5 5. b3 Nc6 6. a3 a6 7. 0-0 b5 8. dxc5 Bxc5 9. Bb2 Qc7 10. Nbd2 e5 11. e4 d4 12. Rc1 0-0 13. b4 Bd6 14. c3 dxc3 15. Bxc3 Bg4 16. h3 Bh5 17. Qc2 Rac8 18. Qb2 Qe7 19. Nh4 Rfd8 20. Bb1 Bg6 21. Nxg6 hxg6 22. Rfe1 Nh5 23. Nf3 Bb8 24. Red1 Nf4 25. Kf1 Qf6 26. Nh2 Qe6 27. Ba2 Qe7 28. Bd5 Nd4 29. Bxd4 Rxc1 30. Qxc1 exd4 31. Qc5 Bd6 32. Qxd4 Nxd5 33. exd5 Bxh2 34. g3 Bxg3 35. fxg3 Rd6 36. Rd2 Qf6+ 37. Qxf6 Rxf6+ 38. Ke2 Kf8 39. Ke3 Ke7 40. Rc2 Kd7 41. Rc3 g5 42. Kd4 g4 43. hxg4 Rg6 44. Rf3 Kd6 45. Rf4 Rg5 46. Ke3 f6 47. Rd4 Re5+ 48. Kf4 g6 49. Kf3 g5 50. Rd3 Rxd5 51. Rc3 Rd4 52. Rb3 Kd5 53. Rc3 Rd1 54. Ke2 Ra1 55. Ke3 Re1+ 56. Kf2 Re6 57. Rc5+ Kd4 58. Rc8 Kd3 59. Rd8+ Kc3 60. Rd7 Kb2 61. Rd3 Rc6 62. Rf3 Rc2+ 63. Ke1 Rc3 64. Rxf6 Rxa3 65. Rg6 Kb3 66. Rxg5 Kxb4 67. Kf2 Rc3 68. Rf5 a5 69. g5 Rc8 70. Ke3 a4 71. g6 a3 72. g7 a2 73. Rf4+ Kb3 74. Rf8 a1Q 75. g8Q+ Rc4 76. Rd8 Qe5+ 77. Kf2 Qb2+ 78. Ke3 Qe5+ 79. Kf2 Kc3 80. Qg6 Qc5+ 81. Kf1 Qe3 82. Qf6+ Kb3 83. Rd1 Rc1 84. Rxc1 Qxc1+ 85. Kg2 Qb2+ 86. Qxb2+ Kxb2 87. g4 Kc3 88. g5 1/2-1/2